Některé otázky řízení oběžného majetku podniků v tržní ekonomice.
Postavenie obežného majetku v podniku (pracovný kapitál, majetok s dobou obratu kratšou ako rok) v trhovej ekonomike. Vymedzenie kapitálovej potreby v oblasti obežného majetku. Spôsob financovania kapitálovej potreby. Riadenie peňažných prostriedkov podnikov.
Guardado en:
| Autor principal: | |
|---|---|
| Formato: | Capítulo de libro |
| Lenguaje: | checo |
| Materias: | |
| Etiquetas: |
Sin Etiquetas, Sea el primero en etiquetar este registro!
|
MARC
| LEADER | 00000naa a2200000 4500 | ||
|---|---|---|---|
| 001 | r011230 | ||
| 005 | 20220831081252.9 | ||
| 041 | 0 | |a cze | |
| 044 | |a [CS] | ||
| 245 | 1 | 0 | |a Některé otázky řízení oběžného majetku podniků v tržní ekonomice. |c F. Ducheček |
| 520 | |a Postavenie obežného majetku v podniku (pracovný kapitál, majetok s dobou obratu kratšou ako rok) v trhovej ekonomike. Vymedzenie kapitálovej potreby v oblasti obežného majetku. Spôsob financovania kapitálovej potreby. Riadenie peňažných prostriedkov podnikov. | ||
| 610 | 2 | 0 | |a majetok obežný |
| 610 | 2 | 0 | |a hospodárstvo trhové |
| 610 | 2 | 0 | |a financovanie |
| 610 | 2 | 0 | |a prostriedky peňažné |
| 610 | 2 | 0 | |a podnik |
| 100 | 1 | |a Ducheček, František | |